<?xml version="1.0" encoding="UTF-8"?>
<record
    xmlns:xsi="http://www.w3.org/2001/XMLSchema-instance"
    xsi:schemaLocation="http://www.loc.gov/MARC21/slim http://www.loc.gov/standards/marcxml/schema/MARC21slim.xsd"
    xmlns="http://www.loc.gov/MARC21/slim">

  <leader>01437na  a2200349   4500</leader>
  <controlfield tag="001">22252</controlfield>
  <controlfield tag="003">MIRAKIL</controlfield>
  <controlfield tag="005">20181226092844.0</controlfield>
  <controlfield tag="008">170212b        tu  n0        0    0     </controlfield>
  <datafield tag="022" ind1=" " ind2=" ">
    <subfield code="a">1304-4435</subfield>
  </datafield>
  <datafield tag="035" ind1=" " ind2=" ">
    <subfield code="a">20919</subfield>
  </datafield>
  <datafield tag="040" ind1=" " ind2=" ">
    <subfield code="a">Milas</subfield>
    <subfield code="b">tur</subfield>
    <subfield code="c">TR-AnCHP</subfield>
  </datafield>
  <datafield tag="041" ind1=" " ind2=" ">
    <subfield code="a">tur</subfield>
  </datafield>
  <datafield tag="090" ind1=" " ind2=" ">
    <subfield code="a">050 DER 144</subfield>
  </datafield>
  <datafield tag="222" ind1=" " ind2=" ">
    <subfield code="a">Yank&#x131;</subfield>
  </datafield>
  <datafield tag="245" ind1=" " ind2=" ">
    <subfield code="a">Yank&#x131;</subfield>
    <subfield code="b">siyasi akt&#xFC;el dergi</subfield>
  </datafield>
  <datafield tag="246" ind1=" " ind2=" ">
    <subfield code="a">Yank&#x131; dergisi</subfield>
  </datafield>
  <datafield tag="260" ind1=" " ind2=" ">
    <subfield code="a">Ankara</subfield>
    <subfield code="b">Yeni Yank&#x131; Bas&#x131;n Yay&#x131;n</subfield>
    <subfield code="c">1971-2009</subfield>
  </datafield>
  <datafield tag="300" ind1=" " ind2=" ">
    <subfield code="a">c.</subfield>
    <subfield code="b">rnk. res.</subfield>
    <subfield code="c">30 sm.</subfield>
  </datafield>
  <datafield tag="362" ind1=" " ind2=" ">
    <subfield code="a">say&#x131; 694 (16-22 Temmuz 1984)-</subfield>
  </datafield>
  <datafield tag="362" ind1=" " ind2=" ">
    <subfield code="a">Ba&#x15F;lang&#x131;&#xE7; : Mart 1971 (Haftal&#x131;k haber dergisi)</subfield>
  </datafield>
  <datafield tag="500" ind1=" " ind2=" ">
    <subfield code="a">Mevcut say&#x131;lar: (22) Aral&#x131;k 1956; (114) May&#x131;s 1973; (116) Haziran 1973; (162-167) Nisan-May&#x131;s 1974; (235-236) Eyl&#xFC;l 1975; (320) 2-8 May&#x131;s 1977; (364-381) Mart 1978; (390-439) Eyl&#xFC;l-A&#x11F;ustos 1979; (473-502) Nisan-Kas&#x131;m 1980; (526-545) Nisan-Eyl&#xFC;l 1981; (694) Temmuz 1984; (1051) 1 &#x15E;ubat 2007; (1052) 28 &#x15E;ubat 2007</subfield>
  </datafield>
  <datafield tag="500" ind1=" " ind2=" ">
    <subfield code="a">Niteleme say&#x131; say&#x131; 694 (16-22 Temmuz 1984)'e dayal&#x131;d&#x131;r.</subfield>
  </datafield>
  <datafield tag="500" ind1=" " ind2=" ">
    <subfield code="a">Say&#x131; 800'de Haftaya bak&#x131;&#x15F; dergisi ile birle&#x15F;ti, Yank&#x131;/haftaya bak&#x131;&#x15F; oldu</subfield>
  </datafield>
  <datafield tag="520" ind1=" " ind2=" ">
    <subfield code="a">siyasi haber dergisi</subfield>
  </datafield>
  <datafield tag="650" ind1=" " ind2=" ">
    <subfield code="a">Siyaset</subfield>
    <subfield code="v">S&#xFC;reli yay&#x131;nlar</subfield>
    <subfield code="x">Akt&#xFC;alite</subfield>
    <subfield code="z">T&#xFC;rkiye</subfield>
  </datafield>
  <datafield tag="651" ind1=" " ind2=" ">
    <subfield code="a">T&#xFC;rkiye</subfield>
    <subfield code="v">S&#xFC;reli yay&#x131;nlar</subfield>
    <subfield code="x">Siyaset ve y&#xF6;netim</subfield>
  </datafield>
  <datafield tag="655" ind1=" " ind2=" ">
    <subfield code="a">Yerel s&#xFC;reli yay&#x131;n</subfield>
  </datafield>
  <datafield tag="780" ind1=" " ind2=" ">
    <subfield code="a">Yank&#x131; : haftal&#x131;k haber dergisi</subfield>
  </datafield>
  <datafield tag="910" ind1=" " ind2=" ">
    <subfield code="a">DERG&#x130; 144</subfield>
  </datafield>
  <datafield tag="942" ind1=" " ind2=" ">
    <subfield code="2">ddc</subfield>
    <subfield code="c">SER</subfield>
  </datafield>
  <datafield tag="952" ind1=" " ind2=" ">
    <subfield code="5">1</subfield>
    <subfield code="a">0001</subfield>
    <subfield code="b">0001</subfield>
    <subfield code="d">2017-02-12</subfield>
    <subfield code="f"> S&#xDC;REL&#x130; YAYINLAR</subfield>
    <subfield code="l">0</subfield>
    <subfield code="o">050 DER 54</subfield>
    <subfield code="p">D144</subfield>
    <subfield code="r">2017-02-12 00:00:00</subfield>
    <subfield code="v">0.00</subfield>
    <subfield code="w">2017-02-12</subfield>
    <subfield code="x"> </subfield>
    <subfield code="y">SER</subfield>
  </datafield>
  <datafield tag="999" ind1=" " ind2=" ">
    <subfield code="c">11424</subfield>
    <subfield code="d">11424</subfield>
  </datafield>
</record>
